Mathematics for physics with calculus
Сохранить в:
| Главный автор: | |
|---|---|
| Формат: | |
| Язык: | Undetermined |
| Опубликовано: |
New Jersey
Pearson Prentice Hall
2005
|
| Предметы: | |
| Метки: |
Добавить метку
Нет меток, Требуется 1-ая метка записи!
|
| Thư viện lưu trữ: | Trung tâm Học liệu Trường Đại học Cần Thơ |
|---|
| LEADER | 00515nam a2200193Ia 4500 | ||
|---|---|---|---|
| 001 | CTU_93799 | ||
| 008 | 210402s9999 xx 000 0 und d | ||
| 020 | |c 28.00 | ||
| 082 | |a 530.15 | ||
| 082 | |b D229 | ||
| 100 | |a Das, Biman | ||
| 245 | 0 | |a Mathematics for physics with calculus | |
| 245 | 0 | |c Biman Das | |
| 260 | |a New Jersey | ||
| 260 | |b Pearson Prentice Hall | ||
| 260 | |c 2005 | ||
| 650 | |a Mathematical physics,Calculus | ||
| 904 | |i Tuyến | ||
| 980 | |a Trung tâm Học liệu Trường Đại học Cần Thơ | ||